[Event "V Torneio Cidade de Leiria"]
[Site "Leiria POR"]
[Date "2017.07.16"]
[Round "4.14"]
[White "Almeida, Pedro Bastos"]
[Black "Abreu, Gonçalo"]
[Result "1-0"]
[BlackElo "1384"]
[WhiteElo "1215"]
[LiveChessVersion "1.4.8"]

1. d4 Nf6 2. c4 c6 3. Nc3 e6 4. a3 Qa5 5. Bd2 Qb6 6. Bc1 d5 7. c5 Qc7 8. b4 a5 9.
b5 b6 10. cxb6 {[%clk 1:27:30]} Qxb6 {[%clk 1:01:02]} 11. e3 {[%clk 1:27:29]} Bd6
{[%clk 0:59:21]} 12. Nf3 {[%clk 1:25:44]} Bb7 {[%clk 0:55:29]} 13. Na4
{[%clk 1:20:20]} Qc7 {[%clk 0:53:33]} 14. b6 {[%clk 1:19:55]} Qe7
{[%clk 0:53:05]} 15. Qc2 {[%clk 1:17:25]} O-O {[%clk 0:51:54]} 16. Bd3
{[%clk 1:17:31]} Nbd7 {[%clk 0:47:40]} 17. Qb3 {[%clk 1:13:03]} e5
{[%clk 0:42:18]} 18. dxe5 {[%clk 1:12:44]} Nxe5 {[%clk 0:41:25]} 19. Nxe5
{[%clk 1:10:54]} Bxe5 {[%clk 0:40:29]} 20. Bb2 {[%clk 1:10:57]} d4
{[%clk 0:38:54]} 21. O-O {[%clk 1:10:53]} Ng4 {[%clk 0:30:17]} 22. f4
{[%clk 1:09:37]} Qh4 {[%clk 0:27:35]} 23. h3 {[%clk 1:08:15]} Nxe3
{[%clk 0:22:59]} 24. fxe5 {[%clk 1:08:01]} Nxf1 {[%clk 0:22:31]} 25. Rxf1
{[%clk 1:08:29]} Qg5 {[%clk 0:20:11]} 26. Nc5 {[%clk 1:08:33]} Qe7
{[%clk 0:16:08]} 27. Bxd4 {[%clk 1:08:02]} Rab8 {[%clk 0:14:38]} 28. Ba6
{[%clk 1:07:23]} Bxa6 {[%clk 0:14:16]} 29. Nxa6 {[%clk 1:07:33]} Rb7
{[%clk 0:09:08]} 30. Bc5 {[%clk 1:07:52]} Qe8 {[%clk 0:09:28]} 31. Bxf8
{[%clk 1:08:13]} Qxf8 {[%clk 0:09:21]} 32. e6 {[%clk 1:08:17]} Qd8
{[%clk 0:09:11]} 33. exf7+ {[%clk 1:08:26]} Kf8 {[%clk 0:09:09]} 34. Nc5
{[%clk 1:08:08]} Qd4+ {[%clk 0:08:27]} 35. Kh1 {[%clk 1:04:47]} Qxc5
{[%clk 0:08:35]} 36. Qe6 {[%clk 1:05:12]} Rb8 {[%clk 0:06:33]} 37. b7
{[%clk 1:05:19]} Qe7 {[%clk 0:02:53]} 38. Qc8+ {[%clk 1:05:39]} Qd8
{[%clk 0:02:44]} 39. Qxc6 {[%clk 1:03:29]} g6 {[%clk 0:02:45]} 40. Qc5+
{[%clk 1:03:06]} Qe7 {[%clk 0:02:07]} 41. Qxe7+ {[%clk 1:03:23]} Kxe7
{[%clk 0:01:49]} 42. f8=Q+ {[%clk 1:03:46]} Rxf8 {[%clk 0:01:51]} 43. Rxf8
{[%clk 1:04:10]} Kxf8 44. b8=Q+ Ke7 1-0

[Event "V Torneio Cidade de Leiria"]
[Site "Leiria POR"]
[Date "2017.07.16"]
[Round "4.15"]
[White "Cavadas, José"]
[Black "Sousa, Ana João"]
[Result "1-0"]
[BlackElo "1151"]
[WhiteElo "1550"]
[LiveChessVersion "1.4.8"]

1. d4 {[%clk 1:30:58]} Nf6 {[%clk 1:30:54]} 2. Nf3 {[%clk 1:31:05]} g6
{[%clk 1:31:02]} 3. c4 {[%clk 1:31:30]} Bg7 {[%clk 1:31:12]} 4. Nc3
{[%clk 1:31:52]} O-O {[%clk 1:31:30]} 5. e4 {[%clk 1:32:16]} d6 {[%clk 1:31:34]}
6. Be2 {[%clk 1:32:41]} c5 {[%clk 1:31:01]} 7. d5 {[%clk 1:33:07]} e5
{[%clk 1:31:11]} 8. Bg5 {[%clk 1:31:40]} Bd7 {[%clk 1:29:36]} 9. O-O
{[%clk 1:30:47]} Na6 {[%clk 1:28:08]} 10. a3 {[%clk 1:31:04]} Nc7
{[%clk 1:27:47]} 11. b4 {[%clk 1:29:51]} b6 {[%clk 1:26:07]} 12. Qc2
{[%clk 1:25:09]} a5 {[%clk 1:23:27]} 13. b5 {[%clk 1:22:26]} Bg4 {[%clk 1:23:28]}
14. h3 {[%clk 1:22:04]} Bxf3 {[%clk 1:23:45]} 15. Bxf3 {[%clk 1:22:24]} Qb8
{[%clk 1:21:37]} 16. Be2 {[%clk 1:21:52]} Nd7 {[%clk 1:20:40]} 17. Be7
{[%clk 1:20:50]} Re8 {[%clk 1:17:27]} 18. Bxd6 {[%clk 1:21:11]} Nf6
{[%clk 1:16:08]} 19. f4 {[%clk 1:21:04]} exf4 {[%clk 1:13:24]} 20. Bxf4
{[%clk 1:21:07]} Nxe4 {[%clk 1:12:08]} 21. Nxe4 {[%clk 1:18:51]} Bxa1
{[%clk 1:10:33]} 22. Rxa1 {[%clk 1:18:44]} Re7 {[%clk 1:08:00]} 23. d6
{[%clk 1:19:05]} Rxe4 {[%clk 0:54:12]} 24. dxc7 {[%clk 1:18:59]} Qe8
{[%clk 0:53:48]} 25. Bf3 {[%clk 1:15:08]} Rxf4 {[%clk 0:52:56]} 26. Bxa8
{[%clk 1:14:47]} Qxa8 {[%clk 0:50:54]} 27. Rd1 {[%clk 1:13:16]} Rd4
{[%clk 0:49:51]} 28. Rxd4 {[%clk 1:13:05]} cxd4 {[%clk 0:50:02]} 29. Qd3
{[%clk 1:13:27]} Qc8 {[%clk 0:50:14]} 30. Qxd4 {[%clk 1:11:54]} Qxc7
{[%clk 0:50:36]} 31. Kf2 {[%clk 1:11:54]} Kf8 {[%clk 0:50:27]} 32. g3
{[%clk 1:12:05]} Ke7 {[%clk 0:50:46]} 33. Kf3 {[%clk 1:10:07]} Qc8
{[%clk 0:48:41]} 34. Qxb6 {[%clk 1:09:20]} Qxh3 {[%clk 0:46:11]} 35. Qe3+
{[%clk 1:08:44]} Kf8 {[%clk 0:45:44]} 36. Ke2 {[%clk 0:59:19]} Qg4+
{[%clk 0:45:54]} 37. Kd3 {[%clk 0:58:55]} Qd7+ {[%clk 0:45:06]} 38. Kc3
{[%clk 0:56:01]} f5 {[%clk 0:42:22]} 39. Qc5+ {[%clk 0:55:25]} Ke8
{[%clk 0:41:36]} 40. Qe5+ {[%clk 0:54:42]} Kd8 {[%clk 0:40:01]} 41. Qd5
{[%clk 0:55:05]} h5 {[%clk 0:39:49]} 42. Qg8+ {[%clk 0:54:24]} Qe8
{[%clk 0:39:16]} 43. Qd5+ {[%clk 0:52:31]} Kc7 {[%clk 0:38:31]} 44. Qc5+
{[%clk 0:52:48]} Kb7 {[%clk 0:37:20]} 45. Qd5+ {[%clk 0:52:05]} Kc8
{[%clk 0:36:50]} 46. Qa8+ {[%clk 0:50:05]} Kd7 {[%clk 0:35:45]} 47. Qf3
{[%clk 0:43:10]} Qe7 {[%clk 0:33:35]} 48. Kb3 {[%clk 0:43:17]} Qe4
{[%clk 0:33:32]} 49. Qxe4 {[%clk 0:40:56]} fxe4 {[%clk 0:33:56]} 50. Kc3
{[%clk 0:41:25]} g5 {[%clk 0:34:05]} 51. Kd4 {[%clk 0:41:51]} h4 {[%clk 0:34:17]}
52. gxh4 {[%clk 0:41:55]} gxh4 {[%clk 0:34:26]} 53. Kxe4 {[%clk 0:42:23]} Kd6
{[%clk 0:34:42]} 54. Kf4 {[%clk 0:42:41]} Kc5 {[%clk 0:34:58]} 55. Kg4
{[%clk 0:42:58]} h3 {[%clk 0:35:19]} 56. Kxh3 {[%clk 0:43:24]} Kb6
{[%clk 0:35:43]} 57. Kg4 {[%clk 0:43:35]} Kc5 {[%clk 0:36:08]} 58. Kf5
{[%clk 0:43:41]} Kb6 {[%clk 0:36:30]} 59. Ke5 {[%clk 0:44:04]} Kc5
{[%clk 0:36:56]} 60. Ke6 {[%clk 0:44:18]} Kxc4 {[%clk 0:36:14]} 61. b6
{[%clk 0:44:44]} Kc3 {[%clk 0:36:34]} 62. b7 {[%clk 0:44:59]} Kb3
{[%clk 0:36:52]} 63. b8=Q+ {[%clk 0:43:11]} Ka4 {[%clk 0:37:16]} 64. Qb6
{[%clk 0:43:21]} Kxa3 {[%clk 0:37:26]} 65. Qxa5+ {[%clk 0:43:49]} 1-0